000 00895cam a2200289 a 4500
001 000003634
003 DO-SdBNP
005 20210927154717.0
008 960625s1993 sp 001 0 spa
020 _a8401438047
040 _aDO-SdBNP
_bspa
_cBNPHU
082 _a813.54
_bG696m
100 1 _aGould, Judith,
_d1945-
_911157
240 1 0 _aDazzle.
_lEspañol
245 1 0 _aMujeres deslumbrante /
_cJudith Gould ; traducción de Rosalía Vázquez.
260 _aBarcelona :
_bPlaza & Janés,
_c1993.
300 _a888 p. ;
_c18 cm.
490 1 _aLos jet de Plaza & Janés
_v205/4
534 _aTítulo original:
_tDazzle
650 4 _aNovela estadounidense
_9262
650 4 _aLiteratura estadounidense
_99904
710 1 _aVázquez, Rosalía,
_etr.
_911158
830 0 _aLos jet de Plaza & Janés
_v205/4
_911159
910 _aCatalogación derivada
910 _aWM
942 _2ddc
_cLBS1
999 _c3457
_d3457